000 01010nam a2200313 a 4500
001 26264
003 CO-ViMGA
005 20230915232153.0
006 Mimo0002197456
008 141112s2004 ck r 000 u spa d
016 _abimoBNE20020097646 SpMaBN
017 _aB 42833 - 2000 Oficina Depósito Legal Barcelona
020 _a8426131638
035 _a(OCoLC)434043630
040 _aCO-ViMGA
_bspa
_cCO-ViMGA
080 _a613.88
082 0 4 _a612.6 G14g
100 1 _aGallotti, Alicia
_941003
245 1 0 _aGuía sexual para adolescentes :
_btodos los secretos de tu cuerpo /
_cAlicia Gallotti
250 _a1¬ ed.
260 _aBarcelona Juventud 2000
300 _a156 p., 22 cm
490 _aMateria gris
650 1 4 _aSexualidad - Adolescentes - manual
_941004
926 _aBNALCALA SG_PETANTI 12/106252 FONDO_MODE 1
942 _2ddc
_cBK
956 _a2
980 _a017. B 42833 - 2000 020. 84 - 261 - 3163 - 8 852. 40 M - BN BNALCALA MO03769425 AHM/530858 AH SALA_ALC
999 _c33446
_d33446